000 00809nam a22002295i 4500
001 165755
003 ES-MaACL
005 20240524063010.0
008 050906s1886 fr | |||||||| ||fre d
040 _aCAM
_bspa
_cCAM
100 0 _aStendhal,
_d1783-1842
_9108086
245 1 3 _aLe rouge et le noire
_b: chronique du XIXe. siècle /
_cpar de Stendhal.
250 _aSeule éd. complète ent. rev. et corr.
260 _aParis :
_bCalmann Lévy :
_bAncienne Maison Michel Lévy,
_c1886 (
_eLagny :
_fF. Aureau)
300 _a240; 248, [1] p. ;
_c19 cm.
490 1 _aOeuvres complètes de Stendhal
597 _a2 t. en 1 v.
752 _aFrancia -
_dParis
830 0 _aOeuvres complètes de Stendhal
_9188568
852 _aES-MaACL
_jB-3205
_z-- Enc. hol.
999 _c165755
_d165755